000 01173nam a2200241Ia 4500
003 Ost
005 20260507075025.0
008 260507s9999||||xx |||||||||||||| ||und||
040 _cfsecg
041 _aara
082 _a330
100 _aالحناوي، محمد صالح
_eمؤلف
245 0 _aتحليل وتقييم الأوراق المالية /
_c محمد صالح الحناوي
260 _aالإسكندرية:
_bالدار الجامعية,
_c2002
300 _a480 صفحة؛
_bإيضاحات ؛
_c24 سم
520 _aأساسيات الإستثمار في الاوراق النقدية- شراء وبيع الأوراق المالية - تقسييم الاسهم العادية- تحليل المستندات- أساسيات محفظة النقود-نموذج تسعير الاصول الرأسمالية- حقوق الإختيار- عقود المبادلة- العقود المستقبلية
653 _aالاستثمار
653 _aالأوراق المالية
653 _aالنقود
700 _aالعبد، جلال
_eمؤلف ثانوي
700 _aسلطان، ابراهيم
_eمؤلف ثانوي
942 _cكتاب
999 _c42328
_d42328